Catálogo

La fuerza de una entrega / (Registro nro. 3858)

Detalles MARC
000 -LEADER
fixed length control field 00867cam a2200253 i 4500
001 - CONTROL NUMBER
control field 3858
003 - CONTROL NUMBER IDENTIFIER
control field Mx-PuUPA
005 - DATE AND TIME OF LATEST TRANSACTION
control field 20220502142512.0
008 - FIXED-LENGTH DATA ELEMENTS--GENERAL INFORMATION
fixed length control field 140415s1988 it a gr 000 0 spa d
040 ## - CATALOGING SOURCE
Original cataloging agency Mx-PuUPA
Language of cataloging spa
Transcribing agency Mx-PuUPA
Modifying agency Mx-PuUPA
Description conventions rda
041 0# - LANGUAGE CODE
Language code of text/sound track or separate title spa
100 1# - MAIN ENTRY--PERSONAL NAME
Personal name Bertoglio, Lucia,
Relator term autor
9 (RLIN) 12526
245 13 - TITLE STATEMENT
Title La fuerza de una entrega /
Statement of responsibility, etc. Sour Lucia Angela Bertoglio
264 #1 - PRODUCTION, PUBLICATION, DISTRIBUTION, MANUFACTURE, AND COPYRIGHT NOTICE
Place of production, publication, distribution, manufacture Roma :
Name of producer, publisher, distributor, manufacturer Pontificia Universitaria Lateranense,
Date of production, publication, distribution, manufacture, or copyright notice 1988
300 ## - PHYSICAL DESCRIPTION
Extent 753 páginas :
Other physical details ilustraciones, láminas (en blanco y negro) ;
Dimensions 28 cm.
336 ## - CONTENT TYPE
Fuente rdacontent
Content type term texto
Content type code txt
337 ## - MEDIA TYPE
Source rdamedia
Media type term sin medio
Media type code n
338 ## - CARRIER TYPE
Source rdacarrier
Carrier type term volumen
Carrier type code nc
600 14 - SUBJECT ADDED ENTRY--PERSONAL NAME
Personal name Yermo y Parres, José María de,
Dates associated with a name 1851-1904
Form subdivision Biografía
Source of heading or term armarc
651 #4 - SUBJECT ADDED ENTRY--GEOGRAPHIC NAME
Geographic name México
General subdivision Historia
942 ## - ADDED ENTRY ELEMENTS (KOHA)
Source of classification or shelving scheme Dewey Decimal Classification
Koha item type Libro
Classification part 972
Item part B482
Existencias
Withdrawn status Lost status Source of classification or shelving scheme Damaged status Not for loan Collection code Home library Current library Shelving location Date acquired Source of acquisition Total Checkouts Full call number Barcode Date last seen Price effective from Koha item type
    Dewey Decimal Classification     General Biblioteca Karol Wojtyla Biblioteca Karol Wojtyla Sala general 03/12/2013 Compra   972 B482 1988 15179 05/01/2026 03/12/2013 Libro